| 000 | 00496nam a2200181 i 4500 | ||
|---|---|---|---|
| 001 | 91666 | ||
| 003 | ES-MaACL | ||
| 005 | 20230906180759.0 | ||
| 007 | t| | ||
| 008 | 050204s1989 sp ||||1| spa d | ||
| 020 | _a84-86435-83-8 | ||
| 080 | _a821.134.2-31"19" | ||
| 100 | 1 |
_aGarcía Ronda, Angel. _955225 |
|
| 245 | 1 | 0 |
_aGaribaldi esta cansado / _cAngel García Ronda. |
| 260 |
_a[San Sebastián] : _bBaroja, _c[1989] |
||
| 300 |
_a282 p. ; _c22 cm. |
||
| 852 |
_aES-MaACL _jL-28809 _bR.135232 |
||
| 999 |
_c91666 _d91666 |
||